000 00723nam a22002417a 4500
999 _c4864
_d4864
001 1575
003 BD-DhUAP
005 20201123115119.0
008 201123s1995 iaua b 001 0 eng
020 _a0697145034
020 _a0697145042
040 _aDLC
_cDLC
_dBD-DhUAP
_bEng
082 0 0 _223
_a155 SAN
100 _aSantrock, John W.
245 0 0 _aLife-span development /
_cJohn W. Santrock.
250 _a5th ed.
260 _aDubuque, Ia. :
_bWCB Brown & Benchmark,
_cc1995.
300 _axxxv, 592 pages :
_billustrations ;
_c29 cm.
504 _aIncludes bibliographical references.
650 0 _aDevelopmental psychology
_xCase studies.
650 0 _aIndividual differences
_xCase studies.
942 _2ddc
_cBK